Land vs. Land #98 - Statistiken

Allgemein
  • Dieses Quiz wurde 20 mal gespielt
  • Das Durchschnittsergebnis liegt bei 13 aus 14
Antwortstatistiken
Frage Antwort % Korrekt
...Fläche? China🇨🇳
100%
...Einwohner? China🇨🇳
100%
...Bruttoinlandsprodukt? China🇨🇳
100%
...Bruttoinlandsprodukt pro Kopf? China🇨🇳
100%
...Militär? China🇨🇳
100%
...Tourismus? China🇨🇳
100%
...Gesundheitswesen? China🇨🇳
100%
...durchschnittlicher IQ? China🇨🇳
100%
...Exportmengen? China🇨🇳
100%
...Gewinner? China🇨🇳
100%
...HDI (Human Development Index)? China🇨🇳
89%
...Lebenserwartung? China🇨🇳
89%
...Frieden? China🇨🇳
50%
...Happy Planet Index? China🇨🇳
44%
Keine übereinstimmenden Quizze gefunden
Verteilung der Resultate
Anzahl Personen mit jedem Resultat
Perzentil nach korrekt beantworteten Fragen
Ihre Resultats-Entwicklung
Sie haben dieses Quiz noch nicht gespielt